00407nam a22001577a 450000500170000000800410001704000070005804100120006508200210007710000250009810000030012324500360012626000400016244000130020265000340021520241228095224.0241223b ||||| |||| 00| 0 eng d cAL aEnglish 223a348.04bEASS aEastern Book Company  aSupreme Court Cases 1998: Vol 6 aLucknowbEastern Book Companyc2016 aVolume 6 aMode of Citation (1998) 2 SCC